| 000 | 01488cam a22003375i 4500 | ||
|---|---|---|---|
| 999 |
_c14240 _d14240 |
||
| 003 | EG-ScBUE | ||
| 005 | 20200122095431.0 | ||
| 008 | 100628n f 000 0 ara d | ||
| 040 |
_aEG-ScBUE _bara _erda _cEG-ScBUE _dEG-ScBUE |
||
| 041 | 1 |
_bara _heng |
|
| 082 | 0 | 4 |
_a892.709 _bج ي م _222 |
| 100 | 1 |
_aجيمس، ر. أ. سكوت، _eمؤلف. _915305 |
|
| 245 | 1 | 0 |
_aصناعة الأدب : _bبعض مبادىء النقد في ضوء نظريات النقد القديمة والحديثة / _cتأليف ر. أ. سكوت جيمس ؛ ترجمة هاشم الهنداوي ؛ مراجعة د. عزيز المطلبي. |
| 250 | _aالطبعة الجديدة. | ||
| 264 | 1 |
_a[مكان النشر غير محدد] : _b[اسم الناشر غير محدد]، _c[تاريخ النشر غير محدد] |
|
| 300 |
_a320 صفحة ؛ _c24 سم. |
||
| 336 |
_2rdacontent _aنص _btxt |
||
| 337 |
_2rdamedia _aبدون وسيط _bn |
||
| 338 |
_2rdacarrier _aمجلد _bnc |
||
| 490 | 0 | _aسلسلة المائة كتاب | |
| 541 |
_aألف باء ؛ _cشراء ؛ |
||
| 546 | _aالنص باللغة العربية وتم ترجمته من اللغة الإنجليزية. | ||
| 590 | _arana gobara | ||
| 650 | 7 |
_aالأدب العربي _xتاريخ ونقد. _2BUEsh _915413 |
|
| 651 | _2BUEsh | ||
| 653 |
_cJuly2019 _bARALIT |
||
| 655 | _vReading book | ||
| 700 | 1 |
_aهنداوي، هاشم، _eمترجم. |
|
| 700 | 1 |
_aمطلبي، عزيز، _eمراجع. |
|
| 942 |
_2ddc _cBB |
||